<?xml version="1.0" encoding="UTF-8"?><collection xmlns="info:lc/xmlns/marcxchange-v2"><record format="Unimarc" type="bibliographic"><leader>00754nam  2200217   450 </leader><controlfield tag="001">2293231</controlfield><controlfield tag="003">http://id.bnportugal.gov.pt/bib/porbase/2293231</controlfield><controlfield tag="005">20080912134000.0</controlfield><datafield ind1=" " ind2=" " tag="010"><subfield code="a">9782503526591</subfield></datafield><datafield ind1=" " ind2=" " tag="035"><subfield code="a">UCJPII_BC_200.iso/06-12-2010/146925</subfield></datafield><datafield ind1=" " ind2=" " tag="035"><subfield code="a">255867</subfield></datafield><datafield ind1=" " ind2=" " tag="100"><subfield code="a">20080314d2008    km y0pory0103    ba</subfield></datafield><datafield ind1="1" ind2=" " tag="101"><subfield code="a">fre </subfield></datafield><datafield ind1=" " ind2=" " tag="102"><subfield code="a">BE </subfield></datafield><datafield ind1="1" ind2=" " tag="200"><subfield code="a">?Les ?séquences d´Adam de Saint-Victor</subfield><subfield code="e">étude littéraire (poétique et rhétorique)</subfield><subfield code="f">textes et trad., comment [par] Jean Grosfillier</subfield></datafield><datafield ind1=" " ind2=" " tag="210"><subfield code="a">Turnhout</subfield><subfield code="c">Brepols</subfield><subfield code="d">2008</subfield></datafield><datafield ind1=" " ind2=" " tag="215"><subfield code="a">944 p.</subfield><subfield code="d">25 cm</subfield></datafield><datafield ind1="2" ind2=" " tag="225"><subfield code="a">Bibliotheca Victoriana</subfield><subfield code="v">20</subfield></datafield><datafield ind1=" " ind2=" " tag="675"><subfield code="a">2 Adam de S. Victor</subfield><subfield code="v">med</subfield><subfield code="z">por</subfield></datafield><datafield ind1=" " ind2=" " tag="675"><subfield code="a">873.3 Aam de S. Victor 7 Seq.</subfield><subfield code="v">med</subfield><subfield code="z">por</subfield></datafield><datafield ind1=" " ind2="1" tag="702"><subfield code="4">220</subfield><subfield code="a">Grosfillier</subfield><subfield code="b">Jean</subfield></datafield><datafield ind1=" " ind2="0" tag="801"><subfield code="a">PT</subfield><subfield code="b">UCJPII</subfield><subfield code="g">RPC</subfield></datafield></record></collection>